[Event "SR 2. liga A 2014/2015"]
[Site "?"]
[Date "2015.03.07"]
[Round "10.4"]
[White "Sukuba, Zdeno"]
[Black "Mruskovic, Radoslav"]
[Result "1/2-1/2"]
[WhiteElo "2096"]
[BlackElo "1986"]
[PlyCount "90"]
[EventDate "2014.??.??"]

1. c4 c5 2. Nf3 Nc6 3. d4 cxd4 4. Nxd4 Nf6 5. Nc3 g6 6. e4 d6 7. Be2 Bg7 8. Be3
O-O 9. f3 Bd7 10. O-O a6 11. Qd2 Rb8 12. Rfd1 Qa5 13. Rac1 Nh5 14. g3 Bh3 15.
Nb3 Qb4 16. Nd5 Qxd2 17. Rxd2 Be6 18. c5 Nf6 19. Bg5 Bxd5 20. exd5 Ne5 21. c6
bxc6 22. dxc6 Rfc8 23. Bxf6 Bxf6 24. f4 Nxc6 25. Bxa6 Rc7 26. Rdc2 Rb6 27. Bf1
Kf8 28. Bg2 Ra7 29. Rxc6 Rxc6 30. Rxc6 Rxa2 31. Rc8+ Kg7 32. Rc2 Rxb2 33. Rxb2
Bxb2 34. Kf2 f5 35. Nd2 e5 36. Nc4 Bd4+ 37. Ke2 exf4 38. gxf4 Bc5 39. Bb7 Kf6
40. Nd2 h6 41. Kf3 g5 42. h3 Ba3 43. Nc4 Bc1 44. fxg5+ hxg5 45. Nxd6 g4+
1/2-1/2

[Event "SR 2. liga A 2014/2015"]
[Site "?"]
[Date "2015.03.07"]
[Round "10.4"]
[White "Kundrak, Vladimir"]
[Black "Petreje, Juraj"]
[Result "1/2-1/2"]
[WhiteElo "1949"]
[BlackElo "2060"]
[PlyCount "122"]
[EventDate "2014.??.??"]

1. b3 c5 2. Bb2 Nc6 3. Nf3 e6 4. e3 Nf6 5. Bb5 Be7 6. O-O O-O 7. d4 Qb6 8. Bxc6
Qxc6 9. c4 d6 10. Qe2 b6 11. Ne1 Ba6 12. Nd3 cxd4 13. Nb4 Qc8 14. Nxa6 Qxa6 15.
Bxd4 Rac8 16. e4 d5 17. exd5 Nxd5 18. Nc3 Nf6 19. Rfd1 Rfd8 20. Rd3 Qb7 21.
Rad1 Ne8 22. Ne4 Qc7 23. Rg3 Qf4 24. Rf3 Qc7 25. Rh3 Qf4 26. Rf3 Qg4 27. h3 Qh4
28. Rfd3 Qf4 29. Rf3 Qc7 30. Rg3 Qc6 31. Rgd3 h6 32. Be5 Qa8 33. f3 f5 34. Nd6
Bxd6 35. Bxd6 Kf7 36. Bb4 Rxd3 37. Qxd3 Rc7 38. Re1 Qc6 39. Rd1 Nf6 40. Qd6
Qxd6 41. Rxd6 Rd7 42. Kf2 Rxd6 43. Bxd6 Nd7 44. f4 g5 45. g3 e5 46. fxe5 Ke6
47. Ke3 Nxe5 48. Bf8 h5 49. Bg7 Ng6 50. Bd4 f4+ 51. Kf3 fxg3 52. Kxg3 Kf5 53.
c5 bxc5 54. Bxc5 a6 55. b4 Ne5 56. a4 h4+ 57. Kg2 g4 58. hxg4+ Kxg4 59. b5 axb5
60. axb5 h3+ 61. Kh1 Nd7 1/2-1/2

[Event "SR 2. liga A 2014/2015"]
[Site "?"]
[Date "2015.03.07"]
[Round "10.4"]
[White "Mandak, Miroslav"]
[Black "Sustak, Roman"]
[Result "0-1"]
[WhiteElo "2003"]
[BlackElo "1877"]
[PlyCount "90"]
[EventDate "2014.??.??"]

1. e4 e6 2. d4 d5 3. e5 c5 4. c3 Nc6 5. Nf3 Bd7 6. a3 Qb6 7. b4 cxb4 8. cxb4
Rc8 9. Be2 Nge7 10. O-O Nf5 11. Bb2 a6 12. Qd2 Be7 13. Rd1 O-O 14. Nc3 Na7 15.
Bd3 Nh6 16. Rac1 f6 17. exf6 Bxf6 18. Ne5 Qd8 19. Nf3 Nf7 20. Bb1 Nb5 21. Nxb5
Bxb5 22. Rxc8 Qxc8 23. Rc1 Bc4 24. Qc2 g6 25. Re1 Nd6 26. Qd2 Ne4 27. Qe3 Bg7
28. Rc1 Nd6 29. Re1 Rf6 30. Ne5 Bb5 31. Ng4 Rf7 32. Rc1 Nc4 33. Ne5 Bxe5 34.
dxe5 Qb8 35. Qd4 Qf8 36. g3 Rf3 37. Ba2 Qf5 38. Bxc4 Bxc4 39. Qd2 Rd3 40. Qc2
b5 41. a4 d4 42. axb5 axb5 43. f4 Qe4 44. Ba1 Qe3+ 45. Kg2 Rd2+ 0-1

[Event "SR 2. liga A 2014/2015"]
[Site "?"]
[Date "2015.03.07"]
[Round "10.4"]
[White "Horvath, Marek"]
[Black "Kebis, Milos"]
[Result "0-1"]
[WhiteElo "1817"]
[BlackElo "1942"]
[PlyCount "149"]
[EventDate "2014.??.??"]

1. e4 g6 2. d4 Bg7 3. Bc4 d6 4. Nf3 Nf6 5. Nc3 O-O 6. O-O Nc6 7. Re1 Bg4 8. Be3
e5 9. Be2 exd4 10. Nxd4 Bxe2 11. Ndxe2 Ng4 12. Bf4 Nge5 13. Rb1 Qd7 14. Nd5
Rae8 15. Bh6 f5 16. Bxg7 Kxg7 17. Nec3 f4 18. f3 g5 19. Nb5 a6 20. Nd4 Nxd4 21.
Qxd4 Kg8 22. Qf2 Re6 23. Nb4 g4 24. Nd3 Rg6 25. Nxe5 dxe5 26. fxg4 Qxg4 27.
Rbd1 h5 28. Kh1 f3 29. Rd2 Kh7 30. gxf3 Rxf3 31. Rd7+ Kh6 32. Qd2+ Rf4 33. Rd3
h4 34. a4 Qg5 35. h3 Rgf6 36. Qg2 Qxg2+ 37. Kxg2 Rf2+ 38. Kg1 Rxc2 39. Rb3 Rb6
40. Ree3 Rg6+ 41. Kf1 b6 42. Rf3 Rc4 43. Rf7 Kg5 44. Rf5+ Kh6 45. Rxe5 Rxa4 46.
Rf3 Ra1+ 47. Kf2 Rb1 48. Rf4 Rxb2+ 49. Ke3 Rb3+ 50. Kd4 c5+ 51. Kc4 Rxh3 52.
Re8 Rg5 53. e5 Rg6 54. e6 Kg5 55. Rf1 Re3 56. Kd5 a5 57. Rg1+ Rg3 58. Rf1 h3
59. Ref8 Rd3+ 60. Ke4 Rd2 61. Ke3 Rd6 62. Rg1+ Kh6 63. Rh8+ Kg7 64. Rxg6+ Kxg6
65. Rxh3 Rxe6+ 66. Kd2 Kf5 67. Kc3 Re4 68. Rh6 b5 69. Rh5+ Kf4 70. Rxc5 b4+ 71.
Kb3 Re3+ 72. Kb2 a4 73. Rb5 a3+ 74. Ka1 b3 75. Rb8 0-1

[Event "SR 2. liga A 2014/2015"]
[Site "?"]
[Date "2015.03.07"]
[Round "10.4"]
[White "Faltan, Peter"]
[Black "Kison, Jan"]
[Result "1-0"]
[WhiteElo "1988"]
[BlackElo "1560"]
[PlyCount "85"]
[EventDate "2014.??.??"]

1. d4 d5 2. Nf3 Bg4 3. c4 e6 4. Ne5 Bf5 5. Qb3 Qc8 6. cxd5 exd5 7. Qxd5 Be6 8.
Qf3 Bd6 9. Bf4 Ne7 10. Nc3 O-O 11. e4 Bxe5 12. Bxe5 f6 13. Bf4 c6 14. Bd3 Rd8
15. Qe3 Qd7 16. Ne2 f5 17. f3 fxe4 18. fxe4 Bg4 19. Bc4+ Kh8 20. Rd1 Re8 21.
Qg3 Ng6 22. e5 Na6 23. a3 Rad8 24. Bg5 Rc8 25. h3 Bxe2 26. Bxe2 Rf8 27. Bg4 Qf7
28. Bxc8 Rxc8 29. Rf1 Qd5 30. Qf3 Qa5+ 31. b4 Qc7 32. h4 h6 33. Qf5 Ne7 34.
Bxe7 Qxe7 35. Qxc8+ Kh7 36. Qf5+ Kg8 37. g3 Nc7 38. Qc8+ Kh7 39. Rf8 Ne6 40.
Rh8+ Kg6 41. Re8 Qf7 42. Qxe6+ Qxe6 43. Rxe6+ 1-0

[Event "SR 2. liga A 2014/2015"]
[Site "?"]
[Date "2015.03.07"]
[Round "10.5"]
[White "Balogh, Tomas"]
[Black "Duben, Igor"]
[Result "1/2-1/2"]
[WhiteElo "2358"]
[BlackElo "2198"]
[PlyCount "34"]
[EventDate "2014.??.??"]

1. d4 d5 2. Nf3 Nf6 3. Bf4 c6 4. c3 Bf5 5. e3 e6 6. Qb3 Qb6 7. Be2 Nbd7 8. O-O
Be7 9. h3 h6 10. c4 dxc4 11. Bxc4 Qxb3 12. Bxb3 O-O 13. Nc3 Nd5 14. Bh2 Nxc3
15. bxc3 c5 16. d5 c4 17. Bxc4 Nb6 1/2-1/2

[Event "SR 2. liga A 2014/2015"]
[Site "?"]
[Date "2015.03.07"]
[Round "10.5"]
[White "Oprea, Erik"]
[Black "Janko, Michal"]
[Result "1/2-1/2"]
[WhiteElo "2163"]
[BlackElo "2280"]
[PlyCount "34"]
[EventDate "2014.??.??"]

1. c4 g6 2. d4 Bg7 3. e4 d6 4. Nc3 Nc6 5. Be3 e5 6. d5 Nce7 7. c5 Nf6 8. f3 O-O
9. Qd2 Ne8 10. g4 f5 11. gxf5 gxf5 12. Bc4 Ng6 13. O-O-O Nf6 14. h4 f4 15. Bf2
Nh5 16. Nge2 Bf6 17. Rdg1 Kh8 1/2-1/2

[Event "SR 2. liga A 2014/2015"]
[Site "?"]
[Date "2015.03.07"]
[Round "10.5"]
[White "Slacky, Stanislav"]
[Black "Sosovicka, Matej"]
[Result "1/2-1/2"]
[WhiteElo "2191"]
[BlackElo "2155"]
[PlyCount "62"]
[EventDate "2014.??.??"]

1. d4 d5 2. c4 c6 3. Nf3 Nf6 4. g3 Bf5 5. Bg2 e6 6. O-O Nbd7 7. Nc3 h6 8. Bf4
Be7 9. Nd2 O-O 10. e4 dxe4 11. Ndxe4 Nxe4 12. Nxe4 Nf6 13. Re1 Nxe4 14. Bxe4
Bxe4 15. Rxe4 Bf6 16. Qd2 h5 17. Rd1 g6 18. b3 Re8 19. Be5 Qe7 20. Qf4 Bg5 21.
Qf3 f6 22. Bf4 Bxf4 23. Qxf4 Kg7 24. Rde1 Qd7 25. Qe3 Kf7 26. h4 Rad8 27. Kg2
a6 28. Re2 Qd6 29. Qh6 Rh8 30. Qe3 Rhe8 31. Qh6 Rh8 1/2-1/2

[Event "SR 2. liga A 2014/2015"]
[Site "?"]
[Date "2015.03.07"]
[Round "10.5"]
[White "Ac, Alexander"]
[Black "Micek, Jaroslav"]
[Result "0-1"]
[WhiteElo "2075"]
[BlackElo "2112"]
[PlyCount "38"]
[EventDate "2014.??.??"]

1. e4 c5 2. f4 d5 3. Bb5+ Nc6 4. exd5 Qxd5 5. Qf3 Nf6 6. Nc3 Qd6 7. Bxc6+ bxc6
8. Nb5 Qd7 9. b3 Ba6 10. c4 Rd8 11. Nc3 e6 12. g4 g6 13. g5 Nh5 14. Ne4 Bg7 15.
Nxc5 Qd6 16. Ne4 Qxf4 17. Nf6+ Bxf6 18. Qxc6+ Rd7 19. gxf6 Bb7 0-1

[Event "SR 2. liga A 2014/2015"]
[Site "?"]
[Date "2015.03.07"]
[Round "10.5"]
[White "Dujava, Daniel"]
[Black "Ochrana, Ladislav"]
[Result "1/2-1/2"]
[WhiteElo "2078"]
[BlackElo "1994"]
[PlyCount "136"]
[EventDate "2014.??.??"]

1. e4 Nc6 2. Nf3 e5 3. Bb5 Nge7 4. Nc3 d6 5. d4 exd4 6. Nxd4 Bd7 7. Bf4 Nxd4 8.
Bxd7+ Qxd7 9. Qxd4 Nc6 10. Qe3 O-O-O 11. O-O-O Kb8 12. Rhe1 f6 13. Nd5 Qe6 14.
Kb1 g5 15. Bg3 h6 16. Qd3 Bg7 17. f3 Rhf8 18. Ne3 Ne7 19. Nf5 Qf7 20. Bf2 Nc6
21. g4 Rfe8 22. Bg3 Bf8 23. Ne3 Ne7 24. Qb5 Qe6 25. Rd4 Qd7 26. Qb3 Ng6 27.
Red1 Ne5 28. Bxe5 fxe5 29. R4d2 Qe6 30. Nf5 Qxb3 31. axb3 Rd7 32. Rh1 Re6 33.
h4 gxh4 34. Rxh4 b6 35. Rdh2 Rf7 36. c3 Rff6 37. Kc2 Rg6 38. Kd3 Kb7 39. Ke2
Ref6 40. b4 b5 41. Rh1 Kc6 42. R4h2 Kb7 43. Ke3 Kc6 44. b3 a6 45. Ra1 Kb7 46.
Rha2 d5 47. exd5 h5 48. Nh4 Rg5 49. Rg2 Bh6 50. Ke2 hxg4 51. Rxg4 Rh5 52. Rag1
Rd6 53. c4 c6 54. dxc6+ Kxc6 55. Rd1 Rxd1 56. Kxd1 Bf8 57. c5 a5 58. Ng6 Rf5
59. Nxf8 Rxf8 60. Rg6+ Kc7 61. bxa5 Rxf3 62. Kc2 b4 63. a6 Rc3+ 64. Kb2 Rxc5
65. Re6 Ra5 66. Kc2 Kd7 67. Rb6 Kc7 68. Re6 Kd7 1/2-1/2

[Event "SR 2. liga A 2014/2015"]
[Site "?"]
[Date "2015.03.07"]
[Round "10.5"]
[White "Szollos, Ondrej"]
[Black "Pytlik, Pavol"]
[Result "1-0"]
[WhiteElo "1972"]
[BlackElo "2027"]
[PlyCount "149"]
[EventDate "2014.??.??"]

1. Nf3 Nf6 2. d3 g6 3. c3 Bg7 4. e4 d6 5. Be2 O-O 6. O-O e5 7. Nbd2 c5 8. Re1
Nc6 9. Nf1 b6 10. Ng3 Bb7 11. Bg5 h6 12. Bd2 d5 13. Qc2 d4 14. c4 Nd7 15. h3
Qc7 16. Rf1 Rae8 17. a3 f5 18. exf5 gxf5 19. Rae1 Qd6 20. Nh4 Ne7 21. Nh5 Ng6
22. Nxg6 Qxg6 23. Ng3 Nf6 24. Qd1 f4 25. Ne4 Bxe4 26. dxe4 Re7 27. Bf3 Nh7 28.
Bh5 Qe6 29. b3 Nf6 30. Bf3 Kh8 31. Kh2 Rg8 32. Rg1 Bf8 33. g3 fxg3+ 34. fxg3
Rf7 35. Ref1 Bg7 36. Qe2 Rgf8 37. Kg2 b5 38. Qd3 bxc4 39. bxc4 Rb8 40. Bd1 Qc6
41. Bc2 Rb2 42. Kh2 Rfb7 43. Rg2 Kg8 44. Rgf2 Rxc2 45. Qxc2 Nxe4 46. Rg2 Nxd2
47. Qxd2 e4 48. Rf5 Rc7 49. Qf4 Re7 50. Rf2 e3 51. Rf7 Rxf7 52. Qxf7+ Kh8 53.
Re2 Qe4 54. Qf4 Qxf4 55. gxf4 Bf6 56. Kg2 Be7 57. Kf3 Kg7 58. Rg2+ Kf7 59. Ke2
Bd6 60. f5 Be5 61. Rg6 Bc7 62. Rc6 Be5 63. Rxc5 Kf6 64. Rc6+ Kxf5 65. Kf3 Bf6
66. Rc5+ Ke6 67. Ra5 Bg5 68. Ke2 Kd6 69. Kd3 Bf6 70. Rxa7 Ke5 71. a4 e2 72.
Ra5+ Kf4 73. Kxe2 Ke4 74. Ra8 Bg7 75. a5 1-0

[Event "SR 2. liga A 2014/2015"]
[Site "?"]
[Date "2015.03.07"]
[Round "10.5"]
[White "Prochazka, Jaromir"]
[Black "Kucera, Michal"]
[Result "1/2-1/2"]
[WhiteElo "1945"]
[BlackElo "1934"]
[PlyCount "59"]
[EventDate "2014.??.??"]

1. Nf3 d5 2. c4 e6 3. d4 Nf6 4. Nc3 Be7 5. Bg5 h6 6. Bf4 O-O 7. e3 c5 8. Qb3
cxd4 9. exd4 a6 10. c5 Nbd7 11. Be2 Ne4 12. Nxe4 dxe4 13. Nd2 e5 14. Bxe5 Nxe5
15. dxe5 Qd4 16. Qc3 Bxc5 17. Qxd4 Bxd4 18. Nc4 Be6 19. Rd1 Rfd8 20. O-O Bxc4
21. Bxc4 Bxe5 22. Bd5 Rab8 23. b3 Re8 24. g3 Bc3 25. Rc1 Ba5 26. Kg2 Kf8 27.
Rc4 Rbd8 28. Bxb7 Rd2 29. Rxe4 Bb6 30. g4 1/2-1/2

[Event "SR 2. liga A 2014/2015"]
[Site "?"]
[Date "2015.03.07"]
[Round "10.5"]
[White "Lobodas, Andrej"]
[Black "Novak, Martin"]
[Result "1-0"]
[WhiteElo "1914"]
[BlackElo "1791"]
[PlyCount "73"]
[EventDate "2014.??.??"]

1. e4 c5 2. Bc4 Nc6 3. Ne2 Nf6 4. Ng3 g6 5. O-O Bg7 6. f4 d6 7. Nc3 O-O 8. f5
Rb8 9. fxg6 hxg6 10. d3 Bg4 11. Qe1 Nd4 12. Qf2 b5 13. Bb3 b4 14. Nd5 Nxb3 15.
Nxf6+ Bxf6 16. axb3 Bd4 17. Be3 Bxb2 18. Rxa7 Bf6 19. h3 Be6 20. Ne2 Qb6 21.
Ra2 Ra8 22. Rxa8 Rxa8 23. Nf4 Ra2 24. Nxe6 fxe6 25. Qg3 Kg7 26. Qf4 g5 27. Qg4
d5 28. e5 Rxc2 29. exf6+ exf6 30. Bxg5 f5 31. Qg3 Kf7 32. Qe5 c4+ 33. Be3 Qc6
34. Ra1 Kg6 35. Qg3+ Kf6 36. Bg5+ Kg6 37. Bh4+ 1-0

[Event "SR 2. liga A 2014/2015"]
[Site "?"]
[Date "2015.03.07"]
[Round "10.6"]
[White "Janos, Martin"]
[Black "Rohacek, Miroslav"]
[Result "1-0"]
[WhiteElo "2215"]
[BlackElo "2272"]
[PlyCount "109"]
[EventDate "2014.??.??"]

1. e4 c5 2. d4 cxd4 3. Nf3 d6 4. Nxd4 Nf6 5. Bd3 a6 6. c4 e6 7. Nc3 Be7 8. Be3
Qc7 9. O-O O-O 10. Rc1 b6 11. Qf3 Nbd7 12. Qh3 Ne5 13. Be2 Bb7 14. f4 Ned7 15.
Bd3 Nc5 16. Bb1 g6 17. b4 Ncd7 18. Nd5 exd5 19. cxd5 Qd8 20. Nc6 Qe8 21. Nxe7+
Qxe7 22. Rc7 Bc8 23. Bd4 a5 24. Qh6 axb4 25. Qg5 Re8 26. Rfc1 Qd8 27. Qh6 Re7
28. R7c6 Bb7 29. Rxd6 Ne8 30. f5 f6 31. Re6 Rg7 32. Rf1 g5 33. Bb2 Nf8 34. Rxf6
Nxf6 35. Bxf6 Qd7 36. Bxg7 Qxg7 37. Qxb6 Ba6 38. f6 Qf7 39. Rf5 h6 40. h3 Bc8
41. Rf2 Ra6 42. Qd8 Bb7 43. Bd3 Ra8 44. Qd6 Nd7 45. Bb5 Nf8 46. Bc4 Rc8 47. Bb3
Rc1+ 48. Kh2 Bc8 49. e5 Re1 50. Qb8 Bxh3 51. gxh3 g4 52. e6 Qg6 53. e7 g3+ 54.
Qxg3 Rh1+ 55. Kxh1 1-0

[Event "SR 2. liga A 2014/2015"]
[Site "?"]
[Date "2015.03.07"]
[Round "10.6"]
[White "Kralovic, Andrej"]
[Black "Tepper, Frantisek"]
[Result "1/2-1/2"]
[WhiteElo "2172"]
[BlackElo "2150"]
[PlyCount "43"]
[EventDate "2014.??.??"]

1. e4 Nc6 2. Nf3 e5 3. Bc4 Be7 4. d3 d6 5. Bb3 Nf6 6. O-O O-O 7. Re1 Bg4 8. c3
h6 9. Nbd2 Nh7 10. h3 Bh5 11. g4 Bg6 12. Nf1 Ng5 13. Kg2 Nxf3 14. Qxf3 Bg5 15.
Ne3 Kh8 16. Rh1 Bh7 17. Bd2 Ne7 18. h4 Bf4 19. Rh3 c6 20. Rd1 Ng6 21. Rdh1 Ne7
22. Rd1 1/2-1/2

[Event "SR 2. liga A 2014/2015"]
[Site "?"]
[Date "2015.03.07"]
[Round "10.6"]
[White "Janos, Jozef"]
[Black "Kimerling, Martin"]
[Result "1-0"]
[WhiteElo "2151"]
[BlackElo "2157"]
[PlyCount "75"]
[EventDate "2014.??.??"]

1. e4 d6 2. d4 Nf6 3. Nc3 e5 4. Nf3 Nbd7 5. Be2 Be7 6. O-O O-O 7. a4 c6 8. h3
h6 9. Be3 Re8 10. Qd2 Qc7 11. Rfd1 Nf8 12. Bc4 Ng6 13. Bb3 Nh5 14. Ne2 Bf8 15.
d5 c5 16. c4 Qd8 17. Ng3 Nhf4 18. Kh2 Qf6 19. Ng1 Nh4 20. Bxf4 exf4 21. Nh5 Qe5
22. Nxf4 g5 23. g3 gxf4 24. gxh4 f3+ 25. Kh1 Bg7 26. Bc2 Qf6 27. Qe3 Qxh4 28.
Qxf3 Be5 29. Qg2+ Kh8 30. Nf3 Qh5 31. Nxe5 Qxe5 32. Rg1 Bd7 33. f4 Qxb2 34. e5
Rg8 35. Qe4 Rg6 36. Rxg6 fxg6 37. Qxg6 Qxa1+ 38. Kh2 1-0

[Event "SR 2. liga A 2014/2015"]
[Site "?"]
[Date "2015.03.07"]
[Round "10.6"]
[White "Machalova, Maria"]
[Black "Fabry, Robert"]
[Result "1-0"]
[WhiteElo "2096"]
[BlackElo "2129"]
[PlyCount "67"]
[EventDate "2014.??.??"]

1. c4 Nf6 2. Nc3 e6 3. g3 d5 4. cxd5 exd5 5. d4 Bd6 6. Bg2 O-O 7. Bg5 c6 8. Qd2
h6 9. Bxf6 Qxf6 10. Nf3 Bg4 11. O-O Qe6 12. Rfe1 f5 13. e3 Nd7 14. Rab1 Nf6 15.
b4 Ne4 16. Qb2 a6 17. a4 Qe7 18. b5 a5 19. Na2 Rac8 20. Nd2 Ba3 21. Qc2 cxb5
22. Qd3 bxa4 23. f3 Nxd2 24. Qxd2 Bh5 25. Qxa5 Rc2 26. Nb4 Rc4 27. Nxd5 Qd8 28.
Qb5 Rc2 29. Nf4 Be8 30. Qxb7 Bc6 31. Qa6 g5 32. Qd3 Rxg2+ 33. Nxg2 Qd6 34. Rb6
1-0

[Event "SR 2. liga A 2014/2015"]
[Site "?"]
[Date "2015.03.07"]
[Round "10.6"]
[White "Mikulas, Dusan"]
[Black "Sahidi, Samir"]
[Result "0-1"]
[WhiteElo "2073"]
[BlackElo "2026"]
[PlyCount "108"]
[EventDate "2014.??.??"]

1. e4 c5 2. Nf3 e6 3. d4 cxd4 4. Nxd4 a6 5. Nc3 b5 6. Bd3 Bb7 7. O-O d6 8. a3
Nf6 9. Kh1 Be7 10. f4 Nbd7 11. Nf3 Rc8 12. Qe1 Nc5 13. Bd2 d5 14. exd5 Nxd5 15.
Rd1 Nxd3 16. cxd3 O-O 17. Nxd5 Qxd5 18. Bc3 Rfd8 19. Qg3 f6 20. Qe1 Kf7 21. Rf2
Bc5 22. d4 Bd6 23. Qd2 h6 24. Re1 Kg8 25. Kg1 Qf5 26. Nh4 Qg4 27. g3 Bd5 28.
Qe2 Qxe2 29. Rfxe2 Rd7 30. Re3 Rdc7 31. f5 e5 32. Ng6 exd4 33. Bxd4 Kf7 34. b4
Rc2 35. R3e2 Rxe2 36. Rxe2 Rc1+ 37. Kf2 Rh1 38. Ke3 Rf1 39. Rf2 Rb1 40. Rd2
Rb3+ 41. Rd3 Rxd3+ 42. Kxd3 Ba2 43. Ke4 Ke8 44. Bc5 Bxc5 45. bxc5 Kd7 46. Kd4
a5 47. Nf8+ Kc6 48. Ng6 b4 49. axb4 axb4 50. Nf4 b3 51. Nd3 Bb1 52. Nb4+ Kb5
53. g4 Kxb4 54. c6 Be4 0-1

[Event "SR 2. liga A 2014/2015"]
[Site "?"]
[Date "2015.03.07"]
[Round "10.6"]
[White "Padysak, Tomas"]
[Black "Kolman, Richard"]
[Result "1/2-1/2"]
[WhiteElo "2068"]
[BlackElo "2029"]
[PlyCount "35"]
[EventDate "2014.??.??"]

1. e4 d6 2. d4 Nf6 3. Nc3 c6 4. f3 b5 5. Be3 Bb7 6. Qd2 Nbd7 7. Bd3 e5 8. Nge2
Be7 9. O-O O-O 10. a4 a6 11. b3 Re8 12. Nd1 d5 13. Nf2 exd4 14. Nxd4 Bc5 15.
Nf5 Bxe3 16. Qxe3 Ne5 17. Qg5 Ng6 18. exd5 1/2-1/2

[Event "SR 2. liga A 2014/2015"]
[Site "?"]
[Date "2015.03.07"]
[Round "10.6"]
[White "Hecht, Tomas"]
[Black "Sklars, Tomas"]
[Result "1-0"]
[WhiteElo "1970"]
[BlackElo "2005"]
[PlyCount "69"]
[EventDate "2014.??.??"]

1. e4 c5 2. c3 g6 3. d4 cxd4 4. cxd4 d6 5. Nf3 Bg7 6. Bc4 Nf6 7. Nc3 O-O 8. O-O
Nc6 9. h3 e6 10. Bb3 d5 11. e5 Nd7 12. Bg5 Qb6 13. Rb1 Na5 14. Bxd5 exd5 15.
Nxd5 Qe6 16. Nc7 Qf5 17. Nxa8 h6 18. Be7 Re8 19. Bd6 b6 20. Nc7 Re6 21. Nxe6
fxe6 22. Qe2 Bb7 23. b4 Nc6 24. b5 Na5 25. Rbc1 Nf8 26. Rc7 g5 27. Rfc1 Ng6 28.
Qc2 Be4 29. Rxg7+ Kxg7 30. Qc7+ Qf7 31. Qd8 Nb7 32. Qb8 Bxf3 33. Rc7 Nxd6 34.
Rxf7+ Nxf7 35. gxf3 1-0

[Event "SR 2. liga A 2014/2015"]
[Site "?"]
[Date "2015.03.07"]
[Round "10.6"]
[White "Macko, Miroslav"]
[Black "Kostial, Jan"]
[Result "1-0"]
[WhiteElo "2010"]
[BlackElo "1000"]
[PlyCount "67"]
[EventDate "2014.??.??"]

1. e4 c5 2. Nf3 g6 3. c4 Bg7 4. d4 cxd4 5. Nxd4 Nc6 6. Be3 d6 7. Nc3 Nf6 8. Be2
O-O 9. O-O a6 10. f3 h6 11. Qd2 Kh7 12. Rfe1 Qc7 13. Bf1 Nxd4 14. Bxd4 Be6 15.
b3 Qa5 16. Rad1 Rad8 17. Qf2 Rd7 18. Nd5 Bxd5 19. exd5 b5 20. Rd2 b4 21. Bd3
Qd8 22. Rde2 Re8 23. h3 Qc8 24. Kh1 Kg8 25. Qh4 Kf8 26. Bxf6 Bxf6 27. Qxh6+ Bg7
28. Qf4 Kg8 29. Qg4 Qd8 30. f4 Rf8 31. f5 gxf5 32. Bxf5 Ra7 33. Re3 a5 34. Rg3
1-0

[Event "SR 2. liga A 2014/2015"]
[Site "?"]
[Date "2015.03.08"]
[Round "11.1"]
[White "Cech, Dominik"]
[Black "Lanc, Alois"]
[Result "1/2-1/2"]
[WhiteElo "2119"]
[BlackElo "2344"]
[PlyCount "71"]
[EventDate "2014.??.??"]

1. e4 e5 2. Nf3 Nc6 3. Bb5 a6 4. Ba4 d6 5. c3 Bd7 6. O-O g6 7. d4 f6 8. d5 Nb8
9. Bxd7+ Nxd7 10. Be3 Bh6 11. Qd2 Bxe3 12. Qxe3 Qe7 13. Nbd2 h5 14. b4 Nh6 15.
Nb3 Ng4 16. Qd2 f5 17. Qg5 Qf6 18. Nbd2 Qxg5 19. Nxg5 Ke7 20. h3 Ngf6 21. f3
Rhc8 22. c4 c6 23. Rac1 a5 24. dxc6 Rxc6 25. a3 h4 26. c5 dxc5 27. bxc5 Rxc5
28. Rxc5 Nxc5 29. Rc1 Nfd7 30. f4 exf4 31. exf5 gxf5 32. Ngf3 Kf6 33. Nxh4 Re8
34. Nc4 Nd3 35. Rd1 N7c5 36. Nxa5 1/2-1/2

[Event "SR 2. liga A 2014/2015"]
[Site "?"]
[Date "2015.03.08"]
[Round "11.1"]
[White "Sekera, Branislav"]
[Black "Karas, Marek"]
[Result "1/2-1/2"]
[WhiteElo "2207"]
[BlackElo "2170"]
[PlyCount "117"]
[EventDate "2014.??.??"]

1. d4 e6 2. Nf3 Nf6 3. g3 b5 4. Bg2 Bb7 5. O-O c5 6. c3 Nc6 7. Nbd2 d5 8. Nb3
c4 9. Nbd2 Bd6 10. Re1 O-O 11. Nf1 b4 12. Bg5 h6 13. Bf4 bxc3 14. bxc3 Ne4 15.
Qc2 f5 16. Bxd6 Qxd6 17. e3 Qa3 18. Rec1 Rab8 19. N3d2 Nd6 20. f3 Ba6 21. Nb1
Qb2 22. Qxb2 Rxb2 23. Nbd2 Rfb8 24. e4 Ne7 25. exf5 Nexf5 26. Bh3 Kf7 27. Kf2
Nb5 28. Ke1 Na3 29. Kd1 Bb5 30. g4 Ba4+ 31. Ke2 Nh4 32. f4 Bc2 33. Kf2 Bd3 34.
Kg3 g5 35. fxg5 hxg5 36. Rd1 Rc2 37. Rac1 Rbb2 38. Re1 Rxd2 39. Nxd2 Rxd2 40.
Re5 Ng6 41. Rxg5 Rc2 42. Rxc2 Bxc2 43. Rh5 Nb1 44. Rh7+ Kf6 45. Rxa7 Nxc3 46.
g5+ Kxg5 47. Bxe6 Be4 48. Ra5 Ne2+ 49. Kf2 Ngf4 50. Bxd5 Bxd5 51. Rxd5+ Nxd5
52. Kxe2 Kf4 53. a4 Ke4 54. a5 c3 55. a6 Nf4+ 56. Kf2 Nd5 57. a7 Nb6 58. Ke2
Kxd4 59. h4 1/2-1/2

[Event "SR 2. liga A 2014/2015"]
[Site "?"]
[Date "2015.03.08"]
[Round "11.1"]
[White "Todor, Razvan"]
[Black "Kavon, Rastislav"]
[Result "1/2-1/2"]
[WhiteElo "2151"]
[BlackElo "2153"]
[PlyCount "68"]
[EventDate "2014.??.??"]

1. d4 Nf6 2. Nf3 g6 3. Nc3 Bg7 4. e4 d6 5. Be3 O-O 6. Qd2 Bg4 7. Be2 Nbd7 8.
Bh6 a6 9. e5 Ne8 10. O-O-O c6 11. Bxg7 Nxg7 12. Ng5 Bxe2 13. Qxe2 Qa5 14. f4 h6
15. Nf3 dxe5 16. fxe5 Nb6 17. g4 Nd5 18. Nxd5 Qxd5 19. c4 Qd7 20. Rhg1 b5 21.
Qe3 Kh7 22. Rg3 bxc4 23. Rh3 h5 24. gxh5 Nxh5 25. Qe4 Kh6 26. Rxh5+ gxh5 27.
Qf4+ Kh7 28. Rg1 f6 29. Qe4+ f5 30. Qh4 Qe8 31. Rg5 Kh6 32. Qf4 Kh7 33. Qh4 Kh6
34. Qf4 Kh7 1/2-1/2

[Event "SR 2. liga A 2014/2015"]
[Site "?"]
[Date "2015.03.08"]
[Round "11.1"]
[White "Jakubec, Milan"]
[Black "Vrbova, Niki"]
[Result "1/2-1/2"]
[WhiteElo "2102"]
[BlackElo "2139"]
[PlyCount "95"]
[EventDate "2014.??.??"]

1. e4 e5 2. Nf3 Nc6 3. Bb5 d6 4. d4 exd4 5. Nxd4 Bd7 6. O-O Be7 7. Be3 Nf6 8.
f3 O-O 9. Nc3 Re8 10. Qd2 a6 11. Bxc6 Bxc6 12. Nxc6 bxc6 13. Rad1 Qb8 14. b3
Qb4 15. a4 Rab8 16. Qd4 c5 17. Qxb4 cxb4 18. Nd5 Bd8 19. Kf2 Nd7 20. Rfe1 h6
21. Bd4 f6 22. Re2 Kf7 23. g4 Ne5 24. Bxe5 fxe5 25. Kg3 g6 26. h4 Rb7 27. Rh2
Ke6 28. Rd3 c6 29. Ne3 Bb6 30. Rhd2 Bd4 31. h5 Bxe3 32. Rxe3 gxh5 33. Rh2 Rf8
34. Rxh5 Rf6 35. Rf5 Rxf5 36. gxf5+ Kf6 37. Rd3 Rg7+ 38. Kh4 Rd7 39. Kh5 d5 40.
Rd2 d4 41. Rg2 Rg7 42. Rg4 Rxg4 43. fxg4 Kg7 44. f6+ Kxf6 45. Kxh6 Kf7 46. Kh7
Kf6 47. Kh6 Kf7 48. Kh7 1/2-1/2

[Event "SR 2. liga A 2014/2015"]
[Site "?"]
[Date "2015.03.08"]
[Round "11.1"]
[White "Petrik, Stanislav"]
[Black "Mackovic, Matus"]
[Result "1-0"]
[WhiteElo "2147"]
[BlackElo "1949"]
[PlyCount "101"]
[EventDate "2014.??.??"]

1. e4 c6 2. c4 d5 3. cxd5 cxd5 4. exd5 Qxd5 5. Nc3 Qd8 6. Nf3 Nf6 7. Bc4 e6 8.
d4 Be7 9. O-O O-O 10. Ne5 Nbd7 11. f4 a6 12. Be3 Nb6 13. Bb3 Nbd5 14. Qf3 Nxe3
15. Qxe3 Bd7 16. Rae1 Bd6 17. Qh3 Bc6 18. f5 exf5 19. Qxf5 Qb6 20. Nxf7 Qxd4+
21. Kh1 Rxf7 22. Bxf7+ Kxf7 23. Qe6+ Kf8 24. Rd1 Re8 25. Qxd6+ Qxd6 26. Rxd6
Kg8 27. h3 Re3 28. Rd8+ Kf7 29. Kh2 Ke7 30. Rd2 Kf7 31. Re2 Rd3 32. Rd1 Rxd1
33. Nxd1 Bd5 34. b3 b5 35. Ne3 Be6 36. Rc2 a5 37. Rc7+ Bd7 38. Nd5 Ke6 39. Nxf6
gxf6 40. Kg3 Kd6 41. Ra7 a4 42. bxa4 bxa4 43. a3 h6 44. Kf3 Ke6 45. h4 Be8 46.
Rh7 h5 47. g4 hxg4+ 48. Kxg4 Bg6 49. Ra7 Bc2 50. h5 Bd1+ 51. Kh4 1-0

[Event "SR 2. liga A 2014/2015"]
[Site "?"]
[Date "2015.03.08"]
[Round "11.1"]
[White "Kozinka, Roman"]
[Black "Magyar, Frantisek"]
[Result "0-1"]
[WhiteElo "2001"]
[BlackElo "1993"]
[PlyCount "68"]
[EventDate "2014.??.??"]

1. e4 c5 2. Nf3 Nc6 3. d4 cxd4 4. Nxd4 Nf6 5. Nc3 e5 6. Ndb5 d6 7. Nd5 Nxd5 8.
exd5 Ne7 9. c3 Ng6 10. a4 Be7 11. a5 O-O 12. Be3 a6 13. Bb6 Qd7 14. Na3 Bd8 15.
Nc4 Qe7 16. Bxd8 Rxd8 17. Nb6 Rb8 18. Ra4 f5 19. Rb4 e4 20. Be2 Ne5 21. O-O Qc7
22. Qd4 Bd7 23. f3 Be8 24. fxe4 fxe4 25. Qe3 Bg6 26. Rd4 Rf8 27. Rdd1 Rbe8 28.
b4 Qd8 29. c4 Nf3+ 30. Kh1 Qh4 31. h3 Qg3 32. Bxf3 exf3 33. Qf2 fxg2+ 34. Qxg2
Rxf1+ 0-1